William James (Record no. 7217)
[ view plain ]
| 000 -LEADER | |
|---|---|
| fixed length control field | 00669cam a2200229I 4500 |
| 001 - CONTROL NUMBER | |
| control field | 927214 |
| 003 - CONTROL NUMBER IDENTIFIER | |
| control field | OSt |
| 005 - DATE AND TIME OF LATEST TRANSACTION | |
| control field | 20190130144715.0 |
| 008 - FIXED-LENGTH DATA ELEMENTS--GENERAL INFORMATION | |
| fixed length control field | 740624|1963||||pau |000 0|eng u |
| 010 ## - LIBRARY OF CONGRESS CONTROL NUMBER | |
| LC control number | 62021163 |
| 040 ## - CATALOGING SOURCE | |
| Transcribing agency | CSU |
| Modifying agency | OCL |
| -- | DAY |
| 082 ## - DEWEY DECIMAL CLASSIFICATION NUMBER | |
| Classification number | 189.4 |
| Item number | C592W |
| 090 ## - LOCALLY ASSIGNED LC-TYPE CALL NUMBER (OCLC); LOCAL CALL NUMBER (RLIN) | |
| Classification number (OCLC) (R) ; Classification number, CALL (RLIN) (NR) | B945.J24 |
| Local cutter number (OCLC) ; Book number/undivided call number, CALL (RLIN) | C55 |
| 100 1# - MAIN ENTRY--PERSONAL NAME | |
| Personal name | Clark, Gordon H. |
| Fuller form of name | (Gordon Haddon), |
| Dates associated with a name | 1902-1985 |
| 245 00 - TITLE STATEMENT | |
| Title | William James |
| 260 ## - PUBLICATION, DISTRIBUTION, ETC. | |
| Place of publication, distribution, etc. | Philadelphia, |
| Name of publisher, distributor, etc. | Presbyterian and Reformed Pub. Co., |
| Date of publication, distribution, etc. | 1963 |
| 300 ## - PHYSICAL DESCRIPTION | |
| Extent | 47p. |
| Dimensions | 23cm |
| 490 0# - SERIES STATEMENT | |
| Series statement | International library of philosophy and theology. Modern thinkers series |
| 504 ## - BIBLIOGRAPHY, ETC. NOTE | |
| Bibliography, etc. note | Bibliography: p.[6] |
| 600 10 - SUBJECT ADDED ENTRY--PERSONAL NAME | |
| Personal name | James, William, |
| Dates associated with a name | 1842-1910 |
| 942 ## - ADDED ENTRY ELEMENTS (KOHA) | |
| Source of classification or shelving scheme | Dewey Decimal Classification |
| Koha item type | Books |
| Withdrawn status | Lost status | Source of classification or shelving scheme | Damaged status | Not for loan | Collection code | Home library | Current library | Shelving location | Date acquired | Cost, normal purchase price | Total Checkouts | Full call number | Barcode | Date last seen | Price effective from | Koha item type |
|---|---|---|---|---|---|---|---|---|---|---|---|---|---|---|---|---|
| Dewey Decimal Classification | Non-fiction | Harvest Mission College | Harvest Mission College | General Stacks | 30.01.2019 | 350.00 | 189.4 C592W | 008201 | 30.01.2019 | 30.01.2019 | Books |
